Catálogo
 En Linea

Sobre el bien y el mal de la República : (Registro nro. 27432)

Detalles MARC
000 -CABECERA
campo de control de longitud fija 00761nam a2200181 a 4500
001 - NÚMERO DE CONTROL
campo de control 000027940
005 - FECHA Y HORA DE LA ÚLTIMA TRANSACCIÓN
campo de control 20240305130541.0
008 - DATOS DE LONGITUD FIJA--INFORMACIÓN GENERAL
campo de control de longitud fija 110405s2007 dr 000 0 spa d
020 ## - NÚMERO INTERNACIONAL ESTÁNDAR DEL LIBRO
Número Internacional Estándar del Libro 9789945161076
040 ## - FUENTE DE LA CATALOGACIÓN
Centro catalogador/agencia de origen DO-SdBNP
Lengua de catalogación spa
Centro/agencia transcriptor BNPHU
049 ## - FONDOS LOCALES (OCLC)
Fondos de biblioteca BNPD
100 1# - ENTRADA PRINCIPAL--NOMBRE DE PERSONA
Nombre de persona Tavares K., Juan Tomás,
Fechas asociadas al nombre 1953-
9 (RLIN) 48925
245 10 - MENCIÓN DE TÍTULO
Título Sobre el bien y el mal de la República :
Resto del título escritos de Ulises Francisco Espillat /
Mención de responsabilidad, etc. Juan Tomás Tavares Kelner.
260 ## - PUBLICACIÓN, DISTRIBUCIÓN, ETC.
Lugar de publicación, distribución, etc. Santo Domingo :
Nombre del editor, distribuidor, etc. Comisión Permanente de Efemérides Patrias,
Fecha de publicación, distribución, etc. 2007.
Fabricante Editora Búho
300 ## - DESCRIPCIÓN FÍSICA
Extensión 30 p. ;
Dimensiones 22 cm.
490 1# - MENCIÓN DE SERIE
Mención de serie Publicaciones de la Comisión Permanente de Efemérides Patrias 2004-2007
Designación de volumen o secuencia no. 20
830 #0 - PUNTO DE ACCESO ADICIONAL DE SERIE-TÍTULO UNIFORME
Título uniforme Publicaciones de la Comisión Permanente de Efemérides Patrias 2004-2007
Número de parte o sección de la obra 20
9 (RLIN) 55003
Existencias
Estado de retiro Estado de pérdida Restricciones de uso No para préstamo Código de colección Localización permanente Ubicación/localización actual Ubicación en estantería Fecha de adquisición Número de inventario Total de préstamos Signatura topográfica completa Código de barras Fecha visto por última vez Número de copia Precio válido a partir de Tipo de ítem Koha
        Dominicana de Servicio General General En catalogación 13.04.2011 LF1   27940-30 25.06.2020 e. 3 25.06.2020 Libro y Folleto Colección Dominicana de Servicio
        Dominicana de Servicio General General En catalogación 28.06.2013 LF1   27940-50 25.06.2020 e. 4 25.06.2020 Libro y Folleto Colección Dominicana de Servicio
      Excluido de préstamo Patrimonio Dominicano Patrimonio Dominicano Patrimonio Dominicano En catalogación 05.04.2011 LF1   27940-10 25.06.2020   25.06.2020 Libro y Folleto Colección Patrimonio Dominicano
      Excluido de préstamo Patrimonio Dominicano Patrimonio Dominicano Patrimonio Dominicano En catalogación 11.04.2011 LF1   27940-20 25.06.2020 e. 2 25.06.2020 Libro y Folleto Colección Patrimonio Dominicano

Con tecnología Koha